Clic Quel saint se cache derrière ces jours fériés ? - Statistiques

Statistiques générales
  • Ce quiz a été pris 16 fois
  • Le résultat moyen est 3 sur 7
Statistiques - réponses
Hint Réponse % Correct
25 décembre St Emmanuel
86%
11 novembre St Martin
64%
1er novembre St Bénigne
43%
14 juillet St Olivier
29%
Jour de l'an St Fulgence
21%
8 mai St Arsène
14%
1er mai St Jérémie
14%
Aucun quiz correspondant
Distribution des résultats
% des personnes avec chaque résultat
Percentile par nombre de réponses
Votre historique - résultats
Vous n’avez pas pris ce quiz